| 000 | 01805cad a22002055a 4500 | ||
|---|---|---|---|
| 001 | L143780 | ||
| 008 | 080530e20080428xxk f v 000 0 eng d | ||
| 035 | _a(Sirsi) u143780 | ||
| 041 | 0 | _aeng | |
| 245 | 0 | 0 |
_aLooe Fuels v Looe Harbour Commissioners _h[electronic resource] |
| 260 | _c2008 | ||
| 520 | _a[2008] EWCA Civ 414. Usually, agreements to make dispositions of land must be in writing. This case shows that an oral agreement may be enough for a landlord to be obliged to grant a tenant a lease. The appellant landlord harbour commissioners (H) appealed against a decision that they had orally bound themselves to grant a lease of a fuel tank to the respondent company (L), and that it was enforceable. Originally, the landlord wanted to grant a lease for fishing boats to a new tenant at a higher rent. The existing tenant claimed it had an oral agreement with the landlord to renew the lease. The landlord denied any oral agreement had been made. Held: appeal dismissed. The original judge had been entitled to conclude on the evidence that all present at a commissioners board meeting knew and understood that what they were approving was the type of facility that was going to be operated by L. An oral agreement had thus been reached. The original judge had also been entitled to hold that the agreed rent was the best rent reasonably obtainable. | ||
| 590 | _aKA | ||
| 650 | 2 | 4 | _aLAW OF PROPERTY (MISCELLANEOUS PROVISIONS) ACT 1989 |
| 650 | 2 | 4 | _aLOOE FUELS V LOOE HARBOUR COMMISSIONERS |
| 651 | 4 |
_aEngland and Wales _y1543- |
|
| 690 | _aPROPERTY-COMMERCIAL PROPERTY-COMMERCIAL LANDLORD AND TENANT-COMMERCIAL LEASES-ASSIGNMENT OF COMMERCIAL LEASES | ||
| 856 | 4 | 0 |
_uhttps://www.bailii.org/ew/cases/EWCA/Civ/2008/414.html _zView the judgment free of charge at www.bailii.org... |
| 942 | _n0 | ||
| 999 |
_c80274 _d80274 |
||